000 00525nam a22001937a 4500
005 20240326144008.0
008 240326b |||||||| |||| 00| 0 eng d
020 _a9789332535206
082 _a005.74
_bULL-D
100 _aUllman, Jeffrey D.
245 _aFirst course in database systems /
_cJennifer Widom
250 _a3rd ed.
260 _aindia:
_bPearson;
_c2013.
300 _a514 p. :
_bill;
_c23 cm.
500 _ainclude index.
650 _acomputer science/Database
700 _aJennifer Widom
999 _c35473
_d35473